|
|
|
|
| LEADER |
00000nam0a2200000 4500 |
| 001 |
377833 |
| 005 |
20231102012944.0 |
| 035 |
|
|
|a (RuTPU)RU\TPU\retro\35287
|
| 090 |
|
|
|a 377833
|
| 100 |
|
|
|a 20230406d1979 k y0rusy50 ca
|
| 101 |
0 |
|
|a rus
|
| 102 |
|
|
|a RU
|
| 105 |
|
|
|a a z 001zy
|
| 200 |
1 |
|
|a Стратиграфия и тектоника Сартангского синклинория
|f В. С. Веклич
|g Академия наук СССР, Сибирское отделение, Якутский филиал, Институт геологии ; отв. ред. К. Б. Мокшанцев
|
| 210 |
|
|
|a Москва
|c Наука
|d 1979
|
| 215 |
|
|
|a 126 с.
|c ил.
|e 1 л. схем.
|
| 320 |
|
|
|a Библиогр.: с. 121-125
|
| 606 |
1 |
|
|a Стратиграфия
|y СССР
|2 stltpush
|3 (RuTPU)RU\TPU\subj\80221
|9 87993
|
| 606 |
1 |
|
|a Тектоника
|x Россия
|2 stltpush
|3 (RuTPU)RU\TPU\subj\76043
|9 87504
|
| 610 |
1 |
|
|a Сартангский синклинорий
|
| 610 |
1 |
|
|a научные статьи
|
| 610 |
1 |
|
|a Якутия
|
| 610 |
1 |
|
|a тектоническое районирование
|
| 610 |
1 |
|
|a палеогеография
|
| 610 |
1 |
|
|a осадочные формации
|
| 610 |
1 |
|
|a магматические комплексы
|
| 610 |
1 |
|
|a магматические формации
|
| 610 |
1 |
|
|a тектоническое развитие
|
| 610 |
1 |
|
|a складчатые структуры
|
| 610 |
1 |
|
|a разрывные структуры
|
| 610 |
1 |
|
|a полезные ископаемые
|
| 610 |
1 |
|
|a миогеосинклинали
|
| 675 |
|
|
|a 551.24(47+57)
|v 4
|
| 675 |
|
|
|a 551.7(47+57)
|v 4
|
| 700 |
|
1 |
|a Веклич
|b В. С.
|g Владимир Семенович
|
| 702 |
|
1 |
|a Мокшанцев
|b К. Б.
|4 340
|
| 712 |
0 |
2 |
|a Академия наук СССР
|b Сибирское отделение
|b Якутский филиал
|b Институт геологии
|c (Якутск)
|2 stltpush
|3 (RuTPU)RU\TPU\col\8181
|9 24491
|
| 801 |
|
1 |
|a RU
|b 63413507
|c 20230406
|
| 801 |
|
2 |
|a RU
|b 63413507
|c 20230406
|g RCR
|
| 942 |
|
|
|c BK
|